[Event "CAN-ch U14"]
[Site "Sault Ste Marie"]
[Date "2017.07.07"]
[Round "4.35"]
[White "Washimkar, Arhant"]
[Black "Mirabelli, Aidan"]
[Result "1-0"]
[WhiteElo "1922"]
[BlackElo "1453"]
[PlyCount "104"]
[EventDate "2017.07.06"]
[EventType "swiss"]
[EventRounds "7"]
[EventCountry "CAN"]
[SourceTitle "EXT 2022"]
[Source "ChessBase"]
[SourceDate "2021.10.06"]
[SourceVersion "1"]
[SourceVersionDate "2021.10.06"]
[SourceQuality "1"]

1. e4 c5 2. Nf3 d6 3. Bb5+ Bd7 4. Bxd7+ Qxd7 5. 0-0 Nc6 6. c3 Nf6 7. Re1 e6 8. d4 cxd4 9. cxd4 Be7 10. Nc3 0-0 11. Bg5 Rad8 12. Qe2 h6 13. Bf4 Nh5 14. Be3 Nf6 15. Rad1 a6 16. e5 Nd5 17. Nxd5 exd5 18. Bf4 Rfe8 19. Qd3 dxe5 20. Nxe5 Nxe5 21. dxe5 Bc5 22. Re2 Qa4 23. Bg3 Qc6 24. Rc2 Qb6 25. h3 Re6 26. Kh2 f6 27. Qf5 Be7 28. Re2 fxe5 29. Rxe5 Rxe5 30. Bxe5 Rf8 31. Qd7 Bf6 32. Qxd5+ Kh8 33. Bxf6 Qxf6 34. Rd2 b6 35. Qd6 Qxd6+ 36. Rxd6 Rb8 37. Kg3 Kh7 38. Kf4 Rf8+ 39. Ke3 Rf6 40. Rxf6 gxf6 41. f4 Kg6 42. g4 f5 43. Kd4 fxg4 44. hxg4 h5 45. gxh5+ Kxh5 46. Ke5 Kg6 47. Ke6 Kg7 48. f5 Kf8 49. f6 a5 50. a4 Ke8 51. b3 Kf8 52. f7 Kg7 1-0

[Event "CAN-ch U08"]
[Site "Vancouver"]
[Date "2012.07.05"]
[Round "6"]
[White "Qu, Leo"]
[Black "Mirabelli, Aidan"]
[Result "0-1"]
[WhiteElo "833"]
[BlackElo "932"]
[PlyCount "46"]
[EventDate "2012.07.03"]
[EventType "swiss"]
[EventRounds "7"]
[EventCountry "CAN"]
[SourceTitle "EXT 2022"]
[Source "ChessBase"]
[SourceDate "2021.10.06"]
[SourceVersion "1"]
[SourceVersionDate "2021.10.06"]
[SourceQuality "1"]

1. c4 e5 2. Nc3 Nf6 3. g3 d5 4. cxd5 Nxd5 5. Nxd5 Qxd5 6. f3 Bf5 7. Bg2 Be6 8. e3 Nc6 9. Ne2 Bb4 10. 0-0 0-0-0 11. f4 Qd6 12. fxe5 Nxe5 13. d4 Nc6 14. a3 Ba5 15. b4 Bb6 16. Bb2 Rhe8 17. Rc1 Bg4 18. Rxf7 Rxe3 19. Rc2 Bxe2 20. Rxe2 Rxe2 21. Qxe2 Nxd4 22. Qe4 Nf3+ 23. Kh1 Qd1+ 0-1